000 00969nac a22003137a 4500
001 BR9801092
003 BR-BrBNA
005 20240105122047.0
008 230509b bl.|||m| |||| 00| 0 por d
040 _aBR-BrBNA
_bpor
_cBiblioteca Nacional de Agricultura
072 _aF30
090 _a0120 BR9801092
100 1 _aCarvalho, B.C.L. de
100 1 _aRocha, E.M. de M
100 1 _aCarvalho, H.W.L. de
110 1 _aEmpresa Baiana de Desenvolvimento Agricola S.A., (Brasil)
_93780
245 1 _aRecomendacoes de variedade e hibridos de milho para a regiao de Irece
260 3 _aSalvador, BA (Brasil):
_c1997.
300 _a12 p.
490 _aComunicado Tecnico - Empresa Baiana de Desenvolvimento Agricola S.A. (Brazil)
_vno. 18
_x
500 _a6 tables
650 _aMilho
650 _aVariedade
650 _aHibrido
650 _aRendimento
650 _aBahia
909 _a202312
_bLúcia Elande
_c55
_dLúcia Elande
942 _2AGRIS
_n0
_cMS
999 _c288986
_d288986